[Event "AdrianaSP"]
[Site "http://www.queenalice.com/game.php?id=1566422"]
[Date "2019.4.2"]
[Round "2"]
[White "Renatogr90"]
[Black "Tassiac"]
[Result "0-1"]
[WhiteElo "1770"]
[BlackElo "1577"]

1. e4 c6 2. Bc4 d5 3. exd5 cxd5 4. Bb5+ Bd7 5. Qe2 Nf6 6. d4 e6 7. Bg5 Be7 8.
Bxf6 Bxf6 9. Bxd7+ Nxd7 10. Nf3 Qb6 11. b3 Bxd4 12. Nxd4 Qxd4 13. c3 Qb6 14. O-O
O-O 15. Nd2 Rac8 16. Rac1 Rc7 17. c4 Nf6 18. cxd5 Nxd5 19. Rxc7 Qxc7 20. g3 Qc2
21. Re1 Rc8 22. Nc4 Qxe2 23. Rxe2 h6 24. Nd6 Rb8 25. a3 Kf8 26. b4 b6 27. Nb5 a6
28. Nd6 Rd8 29. Nc4 b5 30. Na5 Rc8 31. f4 Rc3 32. Ra2 Ke7 33. a4 Nxb4 34. Ra1
Nd5 35. axb5 axb5 36. Rb1 b4 37. Kg2 Kf6 38. Nb7 b3 39. Nd6 Rc2+ 40. Kf3 b2 41.
Ne4+ Kg6 42. h4 f5 43. Nf2 Nc3 44. Nd3 Nxb1 45. Ne5+ Kf6 46. Nd7+ Ke7 47. Ne5
Nd2+ 48. Ke3 b1=Q 0-1

[Event "Let's Play Chess!"]
[Site "http://www.queenalice.com/game.php?id=1568282"]
[Date "2019.4.19"]
[Round "-"]
[White "paolop69"]
[Black "Tassiac"]
[Result "0-1"]
[WhiteElo "1533"]
[BlackElo "1511"]

1. e4 c6 2. Bc4 d5 3. exd5 cxd5 4. Bb5+ Bd7 5. Qe2 Nf6 6. Nc3 e6 7. f3 Be7 8. d3
Nc6 9. Bxc6 bxc6 10. Bg5 O-O 11. g4 Qb6 12. b3 Qd4 13. Qd2 Bb4 14. Nge2 Qe5 15.
Bf4 Bxc3 16. Bxe5 Bxd2+ 17. Kxd2 Ne8 18. Bd6 Nxd6 19. Nf4 e5 20. Ne2 f5 21. h3
fxg4 22. hxg4 Rxf3 23. Rhf1 Bxg4 24. Rxf3 Bxf3 25. Ng3 Rf8 26. Rf1 Bg4 27. Rxf8+
Kxf8 28. Nf1 d4 29. Nh2 Bh5 30. Ke1 Ke7 31. Kf2 Bd1 32. Nf3 Bxf3 33. Kxf3 h5 34.
Kg3 g5 35. a4 Nf5+ 36. Kh3 c5 37. a5 Ne3 0-1

[Event "Let's Play 366"]
[Site "http://www.queenalice.com/game.php?id=1568617"]
[Date "2019.4.23"]
[Round "-"]
[White "Tassiac"]
[Black "digger"]
[Result "1-0"]
[WhiteElo "1546"]
[BlackElo "1556"]

1. d4 d5 2. Nf3 Bg4 3. Ne5 Be6 4. e3 f6 5. Qh5+ g6 6. Nxg6 Bf7 7. Bd3 Bg7 8. Qg4
hxg6 9. Bxg6 Bh6 10. Bd2 Bg7 11. Nc3 c6 12. h4 Rh6 13. Bxf7+ Kxf7 14. h5 e6 15.
e4 dxe4 16. Bxh6 Bxh6 17. Qxe4 Nd7 18. Qg6+ Kf8 19. Rh3 Ke7 20. Qh7+ Kf8 21. Rg3
Bg7 22. Qxg7+ Ke8 23. Qxg8+ Ke7 24. Rg7+ Kd6 25. Qxd8 Rxd8 26. Ne4+ Kd5 27.
Rxd7+ Rxd7 28. Nxf6+ Kd6 29. Nxd7 Kxd7 30. h6 Kd6 31. h7 Kd5 32. h8=Q b6 33. b3
c5 34. dxc5 bxc5 35. Rd1+ Kc6 36. Qc8+ Kb5 37. Qb7+ Ka5 38. Rd6 e5 39. Ra6# 1-0

[Event "Let's Play Chess!"]
[Site "http://www.queenalice.com/game.php?id=1569511"]
[Date "2019.5.2"]
[Round "-"]
[White "chikalas"]
[Black "Tassiac"]
[Result "0-1"]
[WhiteElo "1100"]
[BlackElo "1470"]

1. e4 c6 2. Bc4 d5 3. exd5 cxd5 4. Be2 Nf6 5. Nf3 Nc6 6. O-O e5 7. Re1 Bd6 8. d3
O-O 9. a3 Qc7 10. g3 Bg4 11. Bg5 Be7 12. c3 h6 13. Bxf6 Bxf6 14. h3 Bh5 15. g4
Bg6 16. d4 e4 17. Nfd2 e3 18. fxe3 Qg3+ 19. Kf1 Qxh3+ 20. Kf2 Bh4+ 21. Kg1 Qxe3+
22. Kh1 Qh3+ 23. Kg1 Qg3+ 24. Kf1 Qf2# 0-1

[Event "Let's Play Chess!"]
[Site "http://www.queenalice.com/game.php?id=1570842"]
[Date "2019.5.14"]
[Round "-"]
[White "cevil01"]
[Black "Tassiac"]
[Result "0-1"]
[WhiteElo "2094"]
[BlackElo "1473"]

1. e4 c6 2. d4 d5 3. Nc3 dxe4 4. Nxe4 Bf5 5. Ng3 Bg6 6. Nf3 Nd7 7. Be3 Ngf6 8.
Bc4 e6 9. O-O Be7 10. c3 O-O 11. Qb3 Nd5 12. Rad1 Qb6 13. Qxb6 N5xb6 14. Bb3
Rac8 15. h4 h6 16. a4 Rfd8 17. Ne2 Bh5 18. Ng3 Bxf3 19. gxf3 Bxh4 20. Kh2 Nf8
21. Ne4 Nd5 22. Bd2 Ng6 23. Kh3 Be7 24. Rg1 Kh8 25. Bc2 Ngf4+ 26. Kh2 Ng6 27.
Ng3 Bd6 28. b4 Nh4 29. Kh3 Nxf3 30. Rh1 Nxd2 31. Rxd2 Nxc3 32. b5 cxb5 33. axb5
Bxg3 34. Kxg3 Rxd4 35. Rxd4 Ne2+ 36. Kg4 Nxd4 37. Be4 f5+ 0-1

[Event "AdrianaSP"]
[Site "http://www.queenalice.com/game.php?id=1574461"]
[Date "2019.6.15"]
[Round "3"]
[White "Tassiac"]
[Black "antoniozla"]
[Result "1-0"]
[WhiteElo "1632"]
[BlackElo "1652"]

1. d4 d5 2. Nf3 Bf5 3. Bg5 h6 4. Bh4 Nc6 5. c3 Qd7 6. Nbd2 e6 7. e3 Be7 8. Bg3
a6 9. Be2 Nf6 10. O-O Bd6 11. Ne5 Bxe5 12. dxe5 Ne4 13. Nxe4 Bxe4 14. Rc1 Qe7
15. Bf3 Bf5 16. Bg4 Qg5 17. Be2 Be4 18. h4 Qf5 19. f3 Nxe5 20. fxe4 Qxe4 21. Qd4
Qxd4 22. exd4 Nd7 23. Bxc7 Rc8 24. Bd6 b6 25. Bxa6 Rc6 26. Ba3 f5 27. Bb5 Rc7
28. Rce1 Kf7 29. Bxd7 Rxd7 30. Rf2 Kf6 31. Rfe2 Re8 32. Kf2 g5 33. hxg5+ hxg5
34. Rh1 Kg6 35. Kg3 Rdd8 36. Rh2 Rc8 37. Bd6 Ra8 38. a3 Ra6 39. Re1 b5 40. Bb4
Rg8 41. Reh1 Rg7 42. Rh6+ Kf7 43. Rh7 Ra8 44. Bd6 Kg6 45. R1h6+ Kf7 46. Rxg7+
Kxg7 47. Rxe6 Rh8 48. Be5+ Kf7 49. Rf6+ 1-0

[Event "AUTO-INT-3542"]
[Site "http://www.queenalice.com/game.php?id=1613486"]
[Date "2020.5.23"]
[Round "1"]
[White "APSHOOTER"]
[Black "Tassiac"]
[Result "0-1"]
[WhiteElo "1581"]
[BlackElo "1732"]

1. e4 c6 2. Nc3 d5 3. e5 Bf5 4. d4 e6 5. a3 Nd7 6. h3 c5 7. Bb5 Ne7 8. Bg5 a6 9.
Ba4 b5 10. Bb3 Qc7 11. Bxe7 Bxe7 12. Nf3 cxd4 13. Qxd4 Bc5 14. Qd2 Nxe5 15. Nxe5
Qxe5+ 16. Qe2 Bd4 17. Qxe5 Bxe5 18. O-O Bxc3 19. bxc3 Rc8 20. a4 O-O 21. axb5
axb5 22. Ra5 Rxc3 23. Rxb5 Bxc2 24. Bxc2 Rxc2 25. Rfb1 g6 26. Rb8 Rxb8 27. Rxb8+
Kg7 28. Rb1 h6 29. f4 Rc7 30. g4 Rc4 31. f5 gxf5 32. gxf5 exf5 33. Rb5 Rd4 34.
Kf2 Kg6 0-1

[Event "AUTO-INT-3542"]
[Site "http://www.queenalice.com/game.php?id=1613487"]
[Date "2020.5.23"]
[Round "1"]
[White "Tassiac"]
[Black "APSHOOTER"]
[Result "1-0"]
[WhiteElo "1743"]
[BlackElo "1555"]

1. d4 d5 2. Nf3 Nc6 3. Bg5 h6 4. Bh4 Bg4 5. Nbd2 Nf6 6. e3 a6 7. c3 e6 8. Be2
Bf5 9. O-O Be7 10. Qb3 Na5 11. Qa4+ Nc6 12. Ne5 O-O 13. Nxc6 bxc6 14. Qxc6 Ne4
15. Bxe7 Qxe7 16. Nf3 Qd6 17. Qa4 c6 18. Qb4 Qxb4 19. cxb4 Rab8 20. Bxa6 Rxb4
21. b3 Ra8 22. Bd3 Ng3 23. Bxf5 Ne2+ 24. Kh1 exf5 25. Ne5 Rc8 26. Nd3 Rbb8 27.
Nc5 Nc3 28. Rfc1 Ne4 29. Nd3 g5 30. f3 Nd6 31. Kg1 f6 32. Kf2 Rb7 33. Rc2 Re7
34. Nb4 Rec7 35. Rac1 Kg7 36. Nxd5 Nb5 37. Nxc7 Rxc7 38. Rxc6 Rxc6 39. Rxc6 Kg6
40. a4 1-0

[Event "AUTO-INT-3542"]
[Site "http://www.queenalice.com/game.php?id=1613498"]
[Date "2020.5.23"]
[Round "1"]
[White "SamuraiJOM"]
[Black "Tassiac"]
[Result "0-1"]
[WhiteElo "1613"]
[BlackElo "1775"]

1. e4 c6 2. d4 d5 3. Bd3 dxe4 4. Bxe4 Nf6 5. Bf3 Bf5 6. Ne2 Nbd7 7. Bf4 Qb6 8.
b3 e6 9. Nd2 Bb4 10. c3 Be7 11. Nc4 Qd8 12. O-O Nb6 13. Ng3 Nbd5 14. Bd2 Bg6 15.
Re1 O-O 16. Ne5 Rc8 17. b4 Re8 18. Nxg6 hxg6 19. a3 b5 20. h3 a6 21. Ne4 Nxe4
22. Bxe4 Qc7 23. g3 Qd7 24. h4 Bd6 25. f4 Nf6 26. a4 Nd5 27. Qc2 Ra8 28. c4 bxc4
29. Qxc4 Rec8 30. Qe2 Bxb4 31. Bxb4 Nxb4 32. Red1 Nd5 33. Qd2 c5 34. a5 c4 35.
Rdc1 Rab8 36. Bf3 Rb3 37. Kg2 Rcb8 38. Be4 c3 39. Qd3 Nb4 40. Qc4 Rb2+ 41. Kf3
Rc8 42. Qf1 Qxd4 43. Rd1 Rd2 44. Qe1 Rd8 45. Rxd2 Qxd2 46. Rd1 Qxd1+ 47. Qxd1
Rxd1 48. Ke2 Ra1 49. h5 gxh5 50. f5 exf5 51. Bxf5 Rxa5 52. Kd1 Rxf5 53. Ke1 c2
54. Kd2 Rf1 0-1

[Event "AUTO-INT-3542"]
[Site "http://www.queenalice.com/game.php?id=1613499"]
[Date "2020.5.23"]
[Round "1"]
[White "Tassiac"]
[Black "SamuraiJOM"]
[Result "1-0"]
[WhiteElo "1685"]
[BlackElo "1693"]

1. d4 d5 2. Nf3 Nc6 3. Bg5 h6 4. Bh4 Bf5 5. c3 Nf6 6. Nbd2 e6 7. Qa4 Be7 8. Ne5
O-O 9. Nxc6 bxc6 10. Qxc6 g5 11. Bg3 Bd6 12. e3 g4 13. Bh4 Be7 14. Be2 Bd6 15.
O-O a5 16. Rac1 a4 17. c4 Kg7 18. cxd5 exd5 19. a3 Qb8 20. Bxf6+ Kxf6 21. Qxd5
Qxb2 22. e4 Bxe4 23. Nxe4+ Kg7 24. Bxg4 Be7 25. Qe5+ f6 26. Qxe7+ Kg6 27. Rxc7
1-0

[Event "AUTO-INT-3542"]
[Site "http://www.queenalice.com/game.php?id=1613506"]
[Date "2020.5.23"]
[Round "1"]
[White "Tassiac"]
[Black "luiz_gustavo"]
[Result "1-0"]
[WhiteElo "1653"]
[BlackElo "1862"]

1. d4 d5 2. Nf3 Nc6 3. Bg5 f6 4. Bh4 g5 5. Bg3 Bg4 6. Nbd2 Qd7 7. c3 O-O-O 8.
Qa4 Re8 9. e3 e5 10. dxe5 Nxe5 11. Qxa7 Qe6 12. Qa8+ Kd7 13. Nxe5+ fxe5 14. Bb5+
c6 15. Qxb7+ Kd8 16. Bxc6 Re7 17. Qb8+ Qc8 18. Qd6+ Bd7 19. Bxe5 Rf7 20. Bxd7
Bxd6 21. Bxc8 Bxe5 22. Be6 Re7 23. Bxd5 Nf6 24. Bb3 Kd7 25. Rd1 Kc6 26. Nf3 Ne4
27. Bd5+ 1-0

[Event "AUTO-INT-3542"]
[Site "http://www.queenalice.com/game.php?id=1613507"]
[Date "2020.5.23"]
[Round "1"]
[White "luiz_gustavo"]
[Black "Tassiac"]
[Result "0-1"]
[WhiteElo "1862"]
[BlackElo "1705"]

1. e4 c6 2. Nf3 d5 3. exd5 cxd5 4. d4 Nf6 5. Nc3 Nc6 6. Bb5 Bg4 7. h3 Bh5 8. Qd3
Bg6 9. Qd1 e6 10. O-O Be7 11. Bg5 O-O 12. Bxc6 bxc6 13. Ne5 Qc7 14. Nxg6 hxg6
15. Ne2 Ne4 16. Bxe7 Qxe7 17. b3 c5 18. c4 dxc4 19. bxc4 Rfd8 20. Qc2 Nf6 21.
dxc5 Qxc5 22. Rab1 Rab8 23. Qa4 Ne4 24. Rb5 Rxb5 25. cxb5 Nf6 26. Qb3 Ne4 27. a4
Nd2 28. Rc1 Nxb3 0-1

[Event "Challenge"]
[Site "http://www.queenalice.com/game.php?id=1616037"]
[Date "2020.6.11"]
[Round "-"]
[White "Tassiac"]
[Black "bonfim"]
[Result "1-0"]
[WhiteElo "1752"]
[BlackElo "1713"]

1. d4 d5 2. Nf3 Nf6 3. Bg5 Qd6 4. c3 Bd7 5. e3 h6 6. Bf4 Qb6 7. Qb3 Qxb3 8. axb3
c6 9. Bxb8 Rxb8 10. Rxa7 e6 11. Bd3 Bd6 12. Nbd2 O-O 13. O-O b5 14. Ne5 Bxe5 15.
dxe5 Ng4 16. Nf3 Be8 17. h3 Nxf2 18. Kxf2 f6 19. Ke1 f5 20. Kd2 Bg6 21. Nd4 Rbc8
22. Nxe6 Rfe8 23. Rxg7+ Kh8 24. Rxg6 Kh7 25. Bxf5 h5 26. Ng5+ Kh8 27. Bxc8 Rxc8
28. Rf7 Ra8 29. Rh7# 1-0